Guess the One Direction song with no hints #24 - Statistics

General Stats
  • This quiz has been taken 56 times
  • The average score is 355 of 465
Answer Stats
Answer % Correct
I
100%
I,
100%
I)
100%
you
100%
You
100%
a
98%
The
98%
the
98%
me,
95%
me
95%
be
93%
Love
93%
love
93%
love,
93%
When
93%
when
93%
your
93%
and
91%
And
91%
do
91%
on
91%
that
91%
to
91%
who
89%
Is
86%
no
86%
You're
86%
can
84%
my
84%
want
84%
her
82%
her,
82%
in
82%
she
82%
She
82%
for
80%
of
80%
one
80%
Then
80%
it's
77%
know
77%
know)
77%
day
75%
day)
75%
day,
75%
heart
75%
if
75%
If
75%
not
75%
(Oh,
75%
oh)
75%
what
75%
All
73%
(All
73%
at
73%
At
73%
(At
73%
But,
73%
end
70%
I've
70%
Just
70%
night
70%
say
70%
there
70%
up
68%
was
68%
told
66%
down
64%
will
64%
yeah)
64%
girl,
61%
loved
61%
nothing
59%
didn't
57%
said,
57%
said
57%
way
57%
everything
55%
forever
55%
from
55%
moon
55%
even
52%
left
52%
only
52%
something
52%
sometimes
52%
sure
52%
there's
52%
word
52%
heard
50%
other
50%
though
50%
break
48%
came
48%
pretty
48%
stay
48%
sun
48%
babe
45%
fire,
45%
follow
45%
had
45%
windy
45%
alright
43%
over,
43%
Party
43%
roof
43%
ain't
41%
downstairs,
41%
frightening
41%
goes
41%
dying
39%
it'll
39%
keep
39%
lightning
39%
dreaming
36%
learned
36%
mistakes
36%
later,
34%
million
34%
minutes
34%
flu
32%
hospital
32%
mum
32%
thinks
32%
awake,
30%
devil,
30%
priest
30%
sleeping
30%
Twenty
30%
city's
27%
wound
20%
No matching quizzes found
Score Distribution
Percent of People with Each Score
Percentile by Number Answered
Your Score History
You have not taken this quiz